000 00662nam a22002537a 4500
003 UA-OsUOA
001 34893
007 ta
008 20051031b un ||||| |||| 00| 0 ukr d
100 _aМамаев Є.
700 _aШкарина Л.
090 _a004.65
_bМ22
942 _cBK
040 _aUA-OsUOA
_brus
_cUA-OsUOA
_dUA-OsUOA
245 _aДля професионалов MICROSOFT SQL
300 _a1083 с.
955 _a2
041 _arus
080 _a004.65
020 _a5-272-00339-Х
260 _aСПб
_bПитер
_c2001
650 7 _a00 Загальні питання науки і культури
_2UDC
999 _c321319
_d321319